|
|
|
|
| LEADER |
01116nam a22002057a 4500 |
| 082 |
|
|
|a 894.M3
|b VIL/A M0-IV
|
| 100 |
|
|
|a വിലാസിനി;
|9 8077
|
| 100 |
|
|
|a Vilasini
|9 6749
|
| 240 |
|
|
|a Avakasikal; Volume-IV
|
| 245 |
|
|
|a അവകാശികള്;
|b ഭാഗം നാല്
|
| 250 |
|
|
|a 1st
|
| 260 |
|
|
|a Kottayam;
|b Sahitya Pravarthaka Co-operative Society Ltd.;
|c 1980
|
| 300 |
|
|
|a 3106-3958
|
| 650 |
|
|
|a മലയാളം; മലയാളം നോവല്
|9 3
|
| 650 |
|
|
|a Malayalam; Malayalam Novel; Literature; Malayalam Fiction
|9 8078
|
| 942 |
|
|
|c BK
|
| 999 |
|
|
|c 32213
|d 32213
|
| 952 |
|
|
|0 0
|1 0
|4 0
|6 894_000000000000000_M3_VIL_A_M0IV
|7 0
|8 FIC
|9 35541
|a MAL
|b MAL
|d 2015-05-09
|e 27928
|g 65.00
|l 0
|o 894.M3 VIL/A M0-IV
|p MAL027928
|r 2015-05-09
|t 1
|w 2015-05-09
|y BK
|
| 952 |
|
|
|0 0
|1 0
|4 0
|6 894_000000000000000_M3_VIL_A_M01IV
|7 0
|8 FIC
|9 35542
|a MAL
|b MAL
|d 2015-05-09
|e 27924
|g 65.00
|l 0
|o 894.M3 VIL/A M0;1-IV
|p MAL027924
|r 2015-05-09
|t 2
|w 2015-05-09
|y BK
|
| 952 |
|
|
|0 0
|1 0
|4 0
|6 894_000000000000000_M3_VIL_A_M02IV
|7 0
|8 FIC
|9 35543
|a MAL
|b MAL
|d 2015-05-09
|e 27932
|g 65.00
|l 0
|o 894.M3 VIL/A M0;2-IV
|p MAL027932
|r 2015-05-09
|t 3
|w 2015-05-09
|y BK
|